| 000 | 00757nam a2200217 i 4500 | ||
|---|---|---|---|
| 001 | 150363 | ||
| 003 | ES-MaACL | ||
| 005 | 20250815082235.0 | ||
| 007 | t| | ||
| 008 | 071030s1954 sp ||||1| spa d | ||
| 100 | 1 |
_aValley, Jean. _9112911 |
|
| 245 | 1 | 0 |
_aAmortización, autofinanciamiento y devaluación / _cJean Valley ; traducción del francés por Enrique Alau Gómez-Acebo. |
| 260 |
_aMadrid : _bAguilar, _c[1954] |
||
| 300 |
_aXX, 132 p. : _bil. ; _c19 cm. |
||
| 490 | 1 | _aBiblioteca de ciencias sociales | |
| 700 | 1 |
_aAlau Gómez-Acebo, Enrique. _919170 |
|
| 830 | 0 | 0 |
_aBiblioteca de ciencias sociales (Aguilar) _9220462 |
| 852 |
_aES-MaACL _jC-11446 _bR.39533 |
||
| 852 |
_aES-MaACL _jC-11599 _bR.37092 |
||
| 999 |
_c150363 _d150363 |
||